Derechos de la niñez: la tarea pendiente

Збережено в:
Бібліографічні деталі
Формат: Текст
Предмети:
Теги: Додати тег
Немає тегів, Будьте першим, хто поставить тег для цього запису!

MARC

LEADER 00000 a a2200000 04500
001 6453
003
040
245 |a Derechos de la niñez:   |b la tarea pendiente  
650 |a DERECHOS DEL NIÑO  
650 |a BIENESTAR SOCIAL  
650 |a ASPECTOS JURIDICOS  
773 |g volumen 21, número 950; páginas 14-16  
999 |c 25007  |d 25007